000 00663nam a22002171 4500
001 bimo0001732148
003 OSt
005 20150701100914.0
008 010710s1962 sp spa
040 _aSpMaBN
_cBMC
082 _a985.02
100 2 _9521
_aCieza de León, Pedro de
_d1518-1584
245 1 3 _aLa crónica del Perú
_cPedro de Cieza de León ; edición de Manuel Ballesteros
250 _a1ª ed
260 _aMadrid
_bHistoria 16
_c1984
300 _a414 p.
_c18 cm
490 _aCronicas de america
_v4
651 2 4 _9371
_aPerú
_xHistoria
_y1522-1548 (Descubrimiento y conquista)
700 1 _922592
_aBallesteros, Manuel
942 _2ddc
_cBK
999 _c21289
_d21289